Obchodný manažment Zbierka príkladov a prípadových štúdií
Guardado en:
| Autor principal: | |
|---|---|
| Autor Corporativo: | |
| Formato: | Libro |
| Lenguaje: | eslovaco |
| Publicado: |
Bratislava
Ekonóm
1996
|
| Edición: | 1. vyd. |
| Materias: | |
| Etiquetas: |
Sin Etiquetas, Sea el primero en etiquetar este registro!
|
MARC
| LEADER | 00000nam a2200000 4500 | ||
|---|---|---|---|
| 001 | c015437 | ||
| 005 | 20221214071456.2 | ||
| 020 | |a 80-225-0771-7 | ||
| 041 | 0 | |a slo | |
| 044 | |a SK | ||
| 245 | 1 | 0 | |a Obchodný manažment |b Zbierka príkladov a prípadových štúdií |c Viera Čihovská a kol. |
| 250 | |a 1. vyd. | ||
| 264 | 1 | |a Bratislava |b Ekonóm |c 1996 | |
| 300 | |a 156 s. | ||
| 610 | 2 | 0 | |a manažment |
| 610 | 2 | 0 | |a plánovanie podnikové |
| 610 | 2 | 0 | |a manažment personálny |
| 610 | 2 | 0 | |a kontrola |
| 610 | 2 | 0 | |a štúdie prípadové |
| 100 | 1 | |a Čihovská, Viera | |
| 710 | 2 | |a Ekonomická univerzita v Bratislave. Obchodná fakulta | |